Vista normal
Vista MARC
Entrada Personal Name
Número de registros utilizados en: 1
001 - CONTROL NUMBER
- control field: 17549
003 - CONTROL NUMBER IDENTIFIER
- control field: DLC
005 - DATE AND TIME OF LATEST TRANSACTION
- control field: 20251003111328.0
008 - FIXED-LENGTH DATA ELEMENTS
- fixed length control field: 800522n| azannaabn |n aaa
010 ## - LIBRARY OF CONGRESS CONTROL NUMBER
- LC control number: n 79103589
035 ## - SYSTEM CONTROL NUMBER
- System control number: (OCoLC)oca00335636
040 ## - CATALOGING SOURCE
- Original cataloging agency: DLC
- Language of cataloging: spa
- Description conventions: rda
- Transcribing agency: Mx-PuUPA
- Modifying agency: DLC
- Modifying agency: OCoLC
- Modifying agency: IAhCCS
- Modifying agency: DLC
- Modifying agency: InU
- Modifying agency: DLC
- Modifying agency: Mx-PuUPA
046 ## - SPECIAL CODED DATES
- Birth date: 1910
- Death date: 1994
- Source of date scheme: edtf
053 #0 - LC CLASSIFICATION NUMBER
- Classification number element--single number or beginning number of span: PG7158.D53
- Classification number element--ending number of span: PG7158.D532
100 1# - HEADING--PERSONAL NAME
- Personal name: Dobraczyński, Jan,
- Dates associated with a name: 1910-1994
374 ## - OCCUPATION
- Occupation: Autor
375 ## - GENDER
- Gender: hombre
377 ## - ASSOCIATED LANGUAGE
- Language code: pol
670 ## - SOURCE DATA FOUND
- Source citation: Author's Notatnik podróżny, 1955.
670 ## - SOURCE DATA FOUND
- Source citation: NUCMC data from Boston University, Dept. of Special Collections for Jan Dobraczynski collection, 1960
- Information found: (Jan Dobraczynski; 1910-1994)
670 ## - SOURCE DATA FOUND
- Source citation: Szkic do portretu Jana Dobraczyńskiego, 1962.